000 01010nam a2200325 a 4500
003 AR-BaBNM
005 20251128204648.0
008 082120s2002 ||||||||||||||000 | spa||
020 _a950-13-1332-8
040 _cAR-BaBNM
245 0 0 _aDe gatos, nenas y magos
_bcuentos de terror, pícaros, folclóricos, de ciencia ficción : poesías, destrabalenguas y adivinanzas : teatro : curiosidades y palabras difíciles
260 _aBuenos Aires
_bKapelusz
_c1992
300 _a95 p.
_bil.
490 0 _aLibros del trujamán
650 4 _aLIBROS PARA NIÑOS
650 4 _aLITERATURA INFANTIL
650 4 _aANTOLOGIAS
650 4 _aLITERATURA FOLKLORICA
650 4 _aCUENTOS DE TERROR
650 4 _aCIENCIA FICCION
650 4 _aPOESIA
653 _aADIVINANZAS
655 _aLITERATURA
700 1 _aMedina, Pablo
_ecompilador
700 1 _aMateo, Fernando
_ecolaborador
700 1 _aPrati, Silvia
_ecolaborador
800 1 _aRoza, Edgardo de la
_edirector
942 _cBK
998 _cMARTIN
999 _c8280
_d8280